Достижения и перспективы: сборник

Dades bibliogràfiques
Autor corporatiu: Международный центр научной и технической информации
Altres autors: Гвишиани Д. М.
Idioma:rus
Publicat: Москва, Изд-во МЦНТИ, 1978-1985
Format: MixedMaterials Llibre
KOHA link:https://koha.lib.tpu.ru/cgi-bin/koha/opac-detail.pl?biblionumber=278800

MARC

LEADER 00000nam1a2200000 4500
001 278800
005 20231101235140.0
035 |a (RuTPU)RU\TPU\book\302078 
035 |a RU\TPU\book\302325 
090 |a 278800 
100 |a 20141216d1978 km y0rusy50 ca 
101 0 |a rus 
102 |a RU 
200 1 |a Достижения и перспективы  |e сборник  |f Международный центр научной и технической информации ; гл. ред. Д. М. Гвишиани 
210 |a Москва  |c Изд-во МЦНТИ  |d 1978-1985 
702 1 |a Гвишиани  |b Д. М.  |4 651 
712 0 2 |a Международный центр научной и технической информации  |2 stltpush  |3 (RuTPU)RU\TPU\col\12635  |9 25487 
801 1 |a RU  |b 63413507  |c 20141215 
801 2 |a RU  |b 63413507  |c 20160125  |g RCR 
942 |c BK